|
|
|
|
| LEADER |
03877nam a2200901 i 4500 |
| 001 |
nkc20223466486 |
| 003 |
CZ PrNK |
| 005 |
20230203102304.0 |
| 007 |
ta |
| 008 |
221026s2022 xr aeh e c 000 0 cze |
| 015 |
|
|
|a cnb003466486
|
| 020 |
|
|
|a 978-80-7524-052-1
|q (brožováno)
|
| 035 |
|
|
|a (OCoLC)1369541271
|
| 040 |
|
|
|a BOA001
|b cze
|d ABA001
|d OLA001
|e rda
|
| 041 |
1 |
|
|a cze
|a eng
|h cze
|
| 043 |
|
|
|a ec-----
|a e-xr---
|b e-xr-jm
|2 czenas
|
| 045 |
|
|
|a m-m-
|
| 072 |
|
7 |
|a 902
|x Archeologie
|2 Konspekt
|9 8
|
| 080 |
|
|
|a 902:904
|2 MRF
|
| 080 |
|
|
|a 902.2
|2 MRF
|
| 080 |
|
|
|a 711.459.6"634/653"
|2 MRF
|
| 080 |
|
|
|a 004.94-023.5
|2 MRF
|
| 080 |
|
|
|a 086:004
|2 MRF
|
| 080 |
|
|
|a 94(4-191.2)
|2 MRF
|
| 080 |
|
|
|a (4-191.2)
|2 MRF
|
| 080 |
|
|
|a (437.322)
|2 MRF
|
| 080 |
|
|
|a (082)
|2 MRF
|
| 080 |
|
|
|a (083.824)
|2 MRF
|
| 100 |
1 |
|
|a Krupičková, Šárka
|7 jx20101118008
|4 aut
|
| 245 |
1 |
0 |
|a Velkomoravské Mikulčice virtuálně =
|b Great Moravian Mikulčice virtually /
|c Šárka Krupičková, Lumír Poláček, Jiří Šindelář ; překlad a jazyková korektura EN: Tereza Pohořelická Bartošková, Paul Simpson, Klára Matulová
|
| 246 |
3 |
1 |
|a Great Moravian Mikulčice virtually
|
| 250 |
|
|
|a První vydání
|
| 264 |
|
1 |
|a Brno :
|b Archeologický ústav AV ČR, Brno,
|c 2022
|
| 300 |
|
|
|a 143 stran :
|b ilustrace (převážně barevné), plány, faksimile ;
|c 27 cm
|
| 336 |
|
|
|a text
|b txt
|2 rdacontent
|
| 336 |
|
|
|a statický obraz
|b sti
|2 rdacontent
|
| 337 |
|
|
|a bez média
|b n
|2 rdamedia
|
| 338 |
|
|
|a svazek
|b nc
|2 rdacarrier
|
| 500 |
|
|
|a Doprovodná publikace ke stejnojmenné výstavě konané 25.8. až 31.10.2022 v prostorách Výzkumné základny Archeologického ústavu AV ČR, Brno, v Mikulčicích-Trapíkově
|
| 500 |
|
|
|a 500 výtisků
|
| 500 |
|
|
|a Terminologický slovník
|
| 504 |
|
|
|a Obsahuje bibliografii
|
| 546 |
|
|
|a Souběžný anglický text
|
| 648 |
|
7 |
|a 9. století
|7 ch460547
|2 czenas
|
| 650 |
0 |
7 |
|a archeologické nálezy
|7 ph137683
|z Česko
|2 czenas
|
| 650 |
0 |
7 |
|a archeologické památky
|7 ph118576
|z Česko
|2 czenas
|
| 650 |
0 |
7 |
|a archeologické lokality
|7 ph118575
|z Česko
|2 czenas
|
| 650 |
0 |
7 |
|a hradiště
|7 ph206867
|z Česko
|y 9. století
|2 czenas
|
| 650 |
0 |
7 |
|a trojrozměrné modelování
|7 ph900614
|2 czenas
|
| 650 |
0 |
7 |
|a digitalizace objektů
|7 ph262177
|2 czenas
|
| 650 |
0 |
9 |
|a antiquities
|z Czechia
|2 eczenas
|
| 650 |
0 |
9 |
|a archaeological monuments
|z Czechia
|2 eczenas
|
| 650 |
0 |
9 |
|a archaeological sites
|z Czechia
|2 eczenas
|
| 650 |
0 |
9 |
|a hillforts
|z Czechia
|y 9th century
|2 eczenas
|
| 650 |
0 |
9 |
|a three-dimensional modelling
|2 eczenas
|
| 650 |
0 |
9 |
|a digitization of objects
|2 eczenas
|
| 651 |
|
7 |
|a Velkomoravská říše
|7 ge131256
|x dějiny
|2 czenas
|
| 651 |
|
7 |
|a Mikulčice (Česko)
|7 ge130008
|2 czenas
|
| 651 |
|
9 |
|a Great Moravia
|x history
|2 eczenas
|
| 651 |
|
9 |
|a Mikulčice (Czechia)
|2 eczenas
|
| 653 |
0 |
|
|a virtuální archeologie
|
| 655 |
|
7 |
|a sborníky
|7 fd163935
|2 czenas
|
| 655 |
|
7 |
|a katalogy výstav
|7 fd132536
|2 czenas
|
| 655 |
|
9 |
|a collections of works
|2 eczenas
|
| 655 |
|
9 |
|a exhibition catalogs
|2 eczenas
|
| 700 |
1 |
|
|a Poláček, Lumír,
|d 1960-
|7 mzk2004148597
|4 aut
|
| 700 |
1 |
|
|a Šindelář, Jiří,
|d 1976 duben 12.-
|7 xx0269355
|4 aut
|
| 700 |
1 |
|
|a Pohořelická Bartošková, Tereza,
|d 1977-
|7 xx0221001
|4 trl
|
| 700 |
1 |
|
|a Simpson, Paul
|4 trl
|
| 700 |
1 |
|
|a Matulová, Klára
|7 xx0260918
|4 trl
|
| 710 |
2 |
|
|a Archeologický ústav (Akademie věd ČR : Brno, Česko).
|b Detašované pracoviště Mikulčice
|7 mzk2014843844
|4 orm
|
| 910 |
2 |
|
|a BOA001
|b 3-1499.581
|
| 928 |
9 |
|
|a Akademie věd České republiky, Archeologický ústav, Brno
|
| 990 |
|
|
|a BK
|
| 995 |
|
|
|a 01
|
| 991 |
|
|
|b 202301
|c NOV
|
| 996 |
6 |
|
|b 2610924392
|c 3-1499.581
|l MZK
|r Sklad / do 1 hodiny
|n 1
|p p.v.
|w 001908207
|u 000010
|a 1
|e BOA001
|j MZK50
|s P
|
| 996 |
7 |
|
|b 2610924401
|c 3-1499.581
|l MZK
|r Sklad / do 1 hodiny
|n 3
|p p.v.
|w 001908207
|u 000020
|a 1
|e BOA001
|j MZK50
|s A
|